Inquiry and accounting : alternate methods and research perspectives
Αποθηκεύτηκε σε:
| Κύριος συγγραφέας: | |
|---|---|
| Μορφή: | Βιβλίο |
| Γλώσσα: | English |
| Δημοσίευση: |
New York, Westport :
Quorum Books,
1987
|
| Θέματα: | |
| Ετικέτες: |
Προσθήκη ετικέτας
Δεν υπάρχουν, Καταχωρήστε ετικέτα πρώτοι!
|
MARC
| LEADER | 00000nam a2200000 i 4500 | ||
|---|---|---|---|
| 001 | 1/24307 | ||
| 008 | 960717s1987 eng d | ||
| 020 | |a 0-89930-222-X | ||
| 035 | |l 10022264 | ||
| 040 | |a GR-MY-UA |b gre |e aacr | ||
| 041 | 0 | |a eng | |
| 082 | 0 | |a 657 | |
| 100 | 1 | |a Belkaoui, Ahmed. | |
| 245 | 1 | 0 | |a Inquiry and accounting : |b alternate methods and research perspectives / |c Ahmed Belkaoui |
| 260 | |a New York, Westport : |b Quorum Books, |c 1987 | ||
| 300 | |a 438 p. | ||
| 500 | |a Includes index | ||
| 650 | 0 | 0 | |a Accounting. |
| 852 | |a INST |b CHIOS |e 19960717 |h 657 BEL |p 005200001453 |q 005200001453 |t BK |y 0 | ||
| 909 | |a Χ |b 041904 | ||